[Event "BIH-chT"]
[Site "Neum"]
[Date "2004.05.30"]
[Round "2.1"]
[White "Cvitan, Ognjen"]
[Black "Kovacevic, Aleksandar"]
[Result "0-1"]
[WhiteElo "2524"]
[BlackElo "2559"]
[Annotator "Ribli,Z"]
[PlyCount "60"]
[EventDate "2004.05.29"]
[EventType "team"]
[EventRounds "9"]
[EventCountry "BIH"]
[SourceTitle "CBM 102"]
[Source "ChessBase"]
[SourceDate "2004.09.23"]
[SourceVersion "1"]
[SourceVersionDate "2004.09.23"]
[SourceQuality "1"]
[WhiteTeam "Sarajevo Napredak"]
[BlackTeam "Sokolac"]
[WhiteTeamCountry "BIH"]
[BlackTeamCountry "BIH"]

1. c4 c5 2. Nc3 Nc6 3. g3 g6 4. Bg2 Bg7 5. a3 d6 6. Rb1 a5 7. d3 e5 {Es gibt
zwei Felderschwächen in der schwarzen Stellung - die Felder b5 und d5.
Andererseits kann Schwarz seinen Springer elastisch nach e7 stellen und später
f7-f5 spielen.} 8. Nd5 {Dieser Springerzug scheint mir ein wenig zu früh zu
kommen - es wäre besser mit 8.Nf3 fortzusetzen.} Nge7 9. Bg5 O-O 10. Nf6+ $6 (
10. Nf3 f6 11. Nxe7+ Nxe7 12. Bd2 a4 $15) 10... Kh8 11. h4 {Weiß hat eine
Angriffsstellung am Königsflügel, aber er hat keine nütztliche Mehrheit, so
kann Schwarz die Drohungen leicht parieren.} h6 12. Qc1 (12. e4 Nd4 13. Ne2
Nec6 14. Nxd4 Nxd4 15. Nh7 hxg5 16. hxg5 Kg8 17. Nxf8 Kxf8 {0-1 Nikolic,
P-Cramling,P/Wattignies 1976/EXT 99 (40)}) 12... Nf5 $17 {[%csl Rf6,Rg5][%mdl
256] Mit diesem einfachem Springerzug verteidigt sich Schwarz leicht. Die
scheinbar aktiven weißen Figuren stehen in Wirklichkeit schlecht. Der Bg5
hängt nicht, aber der Nf6 hängt und wenn der Springer weggeht, kann Schwarz
schon den Läufer g5 nehmen.} 13. g4 (13. Nh7 hxg5 14. hxg5 Kg8 $17) 13... Nfd4
14. Nh7 (14. e3 Ne6 $17) 14... hxg5 (14... f6 $2 15. Nxf8 $18) 15. hxg5 Kg8 16.
e3 (16. Nxf8 Bxf8 $17) 16... Nb3 (16... Ne6 $17) 17. Qd1 a4 {[%cal Gd8a5,Ga5e1]
Schwarz befestigt die b3-Springerstellung und Weiß muss auch mit Qa5+ rechnen.}
18. Bd5 e4 $5 {Schwarz opfert den Bauern und öffnet die Diagonale des Läufers
g7.} (18... Re8 $17) 19. dxe4 Qa5+ 20. Kf1 ({Vielleicht wurde ja in
Wirklichkeit} 20. Ke2 $145 Bxg4+ 21. f3 Bd7 22. Kf2 {gespielt.}) 20... Bxg4 $4
{Ich kann diesen Zug nicht verstehen - warum gibt Schwarz die Figur und lässt
die gegnerische Dame ins Spiel kommen?} 21. f3 $4 (21. Qxg4 Nd2+ 22. Kg2 Nxb1 (
22... Ne5 23. Nf6+ Bxf6 24. Qh4 $18) 23. Nf6+ Bxf6 24. Qh4 $18) 21... Bd7 $6 (
21... Nd2+ 22. Kf2 Nxb1 $19) 22. Kf2 Ne5 {[%csl Ge5] Jetzt können wir die
andere Idee des Zuges 18...e4!? sehen - Schwarz hat eine ausgezeichnete
Springerstellung auf e5.} 23. Ne2 Nd2 $19 {[%cal Rd2b1,Rd2f3,Re5f3][%mdl 2048]}
24. Nf6+ Bxf6 25. gxf6 Ndxf3 $1 {Schwarz muss vorsichtig sein - Weiß hat
einige Drohungen am Königsflügel.} (25... Nxb1 $4 26. Rh8+ Kxh8 27. Qh1+ Kg8
28. Qh6 $18) 26. Nf4 Qd8 {[%csl Rf6][%cal Rd8f6]} 27. Rh8+ Kxh8 28. Nxg6+ (28.
Qh1+ Kg8 29. Qh6 Ng4+ $18) 28... Nxg6 29. Qxf3 Bg4 30. Qxg4 Qxf6+ 0-1

[Event "Noviki-A"]
[Site "Budapest"]
[Date "1990.??.??"]
[Round "4"]
[White "Fauland, Alexander"]
[Black "Tolnai, Tibor"]
[Result "1/2-1/2"]
[WhiteElo "2480"]
[BlackElo "2490"]
[Annotator "Ribli,Z"]
[PlyCount "75"]
[EventDate "1990.??.??"]
[EventType "tourn"]
[EventRounds "11"]
[EventCountry "HUN"]
[EventCategory "9"]
[SourceTitle "CBM 019"]
[Source "ChessBase"]
[SourceDate "1990.12.01"]
[SourceVersion "1"]
[SourceVersionDate "1990.12.01"]
[SourceQuality "1"]

1. c4 Nf6 2. g3 g6 3. Bg2 Bg7 4. Nc3 O-O 5. e4 c5 6. Nge2 Nc6 7. d3 d6 8. O-O
Rb8 (8... Bd7 9. Rb1 Rb8 10. h3 Ne8 {Sehner,N-Vogt,L Rilton Cup 1988 CBM 11})
9. h3 a6 10. a4 Ne8 11. Be3 Nd4 (11... Nc7 12. d4 cxd4 13. Nxd4 Ne6 14. Nce2
Bd7 15. b3 b5 16. cxb5 axb5 17. axb5 Ncxd4 18. Nxd4 Nxd4 19. Bxd4 Rxb5 $10 {
Hort-Hellers Biel 1989 48/55}) 12. Rb1 Nc7 13. b4 Nce6 14. f4 cxb4 15. Rxb4
Nxe2+ 16. Nxe2 Qa5 17. Qd2 Nc5 18. Rfb1 Qc7 (18... Nxa4 $2 19. Qa2 Bd7 (19...
b5 20. Rxa4 $18) 20. Bb6 $1 Qh5 21. g4 $18) 19. d4 a5 20. Rb5 Na6 21. Rxa5 Bd7
22. Rab5 Qc8 $1 23. Rb6 (23. Kh2 Bxb5 24. axb5 Nc7) 23... Bxh3 24. Bxh3 Qxh3
25. Rxb7 Rxb7 26. Rxb7 h5 $1 27. Bf2 h4 28. gxh4 Qg4+ 29. Kh2 Bf6 30. Qe1 Kg7
$1 31. Rb3 Rh8 32. Rh3 e5 33. Qd2 Bxh4 34. Bxh4 Rxh4 35. Rxh4 Qxh4+ 36. Kg2
Qg4+ 37. Kf2 Qh4+ 38. Kg2 {Ribli} 1/2-1/2

[Event "RUS-chT 07th"]
[Site "Smolensk"]
[Date "2000.04.16"]
[Round "2"]
[White "Ulko, Jaroslav"]
[Black "Ogloblin, Nikolay"]
[Result "1-0"]
[WhiteElo "2459"]
[BlackElo "2370"]
[Annotator "Ribli,Z"]
[PlyCount "113"]
[EventDate "2000.04.15"]
[EventType "team-tourn"]
[EventRounds "11"]
[EventCountry "RUS"]
[SourceTitle "CBM 077"]
[Source "ChessBase"]
[SourceDate "2000.07.27"]
[SourceVersion "1"]
[SourceVersionDate "2000.07.27"]
[SourceQuality "1"]
[WhiteTeam "Moscow Phoenix"]
[BlackTeam "Nizhny Tagil Politekhnik"]
[WhiteTeamCountry "RUS"]
[BlackTeamCountry "RUS"]

1. c4 Nf6 2. Nc3 c5 3. g3 Nc6 4. Bg2 g6 5. e3 {Auf diese Weise kann Weiß den
Königsspringer nach e2 entwickeln und den Zug d2-d4 vorbereiten.} Bg7 6. d4 (6.
Nge2 d6 (6... O-O 7. O-O b6 8. d4 cxd4 9. exd4 Bb7 10. d5 Ne5 11. b3 d6 12. Nd4
a6 13. a4 Rc8 14. Re1 Re8 15. Ra2 {1-0 Bischoff,K-Klemm,D/Dresden 1998/EXT 99 
(29)}) 7. d4 cxd4 8. exd4 Bf5 9. O-O Qd7 10. Bf4 Bh3 11. d5 Ne5 12. Bxe5 dxe5
13. Nc1 O-O 14. Nd3 Bxg2 15. Kxg2 e4 16. Nf4 Rac8 17. Qe2 g5 18. Nh3 Qf5 {
0-1 Rossetto,H-Porath,Y/Amsterdam 1964/IZT (37)}) 6... cxd4 7. exd4 O-O 8. Nge2
d6 9. h3 {[%mdl 32] Vermeidet die Fesselung durch Bg4 und bereitet das
eventuelle g3-g4 vor.} (9. d5 Ne5 10. b3 Bf5 11. O-O Nd3 $2 12. Be3 Ne5 13. Nd4
Nfg4 14. Nxf5 gxf5 15. Bd4 Nf6 16. Re1 {1-0 Reschke,T-Lichtinger,B/Berlin 1994/
EXT 97 (26)}) (9. O-O Bg4 (9... Bf5 10. h3 $14) 10. Be3 Qd7 11. f3 Bh3 12. d5
Ne5 13. b3 $14) 9... Bf5 10. g4 (10. Be3) 10... Bd7 11. Be3 $14 {Weiß hat das
Übergewicht im Zentrum. Die Schwächung des Königsflügels mit g4 hat keine
große Bedeutung.} Rc8 12. b3 e5 13. dxe5 $6 {Dieser Zug gefällt mir nicht -
Weiß macht seinem Kontrahenten das Spiel im Zentrum leichter.} (13. d5 $5 Ne7
14. Qd2 $14) 13... dxe5 14. O-O Qe7 $6 {Die Dame steht nicht sicher auf e7,
nach kurzer Zeit muss sie zurück gehen.} (14... Be6 $5 $11) (14... h5 15. g5
Nh7 16. Ne4 $14) 15. g5 Nh5 16. Nd5 {[%csl Gd5]} Qd8 17. Ng3 Nxg3 (17... Nf4
18. Bxf4 exf4 19. Ne4 $14 {[%csl Yf6]} Bxa1 20. Qxa1 $16 {[%csl Rg8]}) 18. fxg3
{Weiß hat einen Doppelbauern auf der g-Linie, aber das hat keine Bedeutung. Er
kontrolliert das Feld f6, und sein Springer hat einen guten Stützpunkt auf d5.}
Nd4 (18... Be6 19. Nf6+ $14) 19. Bxd4 exd4 20. Nf6+ Bxf6 21. gxf6 {[%csl Gf6]
Der Pf6 ist unangenehm für Schwarz - in einigen Varianten hat Weiß Drohungen
am Königsflügel.} (21. Rxf6 $6 Bc6 $11) 21... Bc6 22. Qd2 {[%cal Rd2h6,Rh6g7]}
Kh8 23. Rad1 {[%csl Rd4]} Qd6 {[%cal Rd6g3]} 24. Rf4 {Der schwarze Pd4 ist
kaum zu verteidigen.} (24. Qh6 Rg8 25. Rf4 {Es droht das schöne, aber typische
Opfer 26.Qxh7+ nebst 27.Rh4 Matt.} g5 $132) 24... Bxg2 25. Kxg2 Qc6+ 26. Kh2
Rce8 27. Qf2 (27. Qxd4 Re2+ 28. Rf2 $16) 27... Re6 28. Rdxd4 $16 {Weiß hat
einen gesunden Mehrbauern - und Schwarz keine Kompensation.} Rfe8 29. Rd2 a5 (
29... Re1 30. Qg2 $16) 30. h4 Re1 {[%cal Rc6h1,Re1h1]} 31. Qg2 Qb6 (31... Qxg2+
32. Kxg2 R1e2+ 33. Rf2 $18) 32. Qf2 (32. Rff2 $16) 32... Qc6 33. Qf3 Qb6 34.
Rfd4 h6 35. Rd7 {[%cal Rd7b7,Gd7f7]} Qg1+ {Das Eindringen der schwarzen Dame
ist nur scheinbar gefährlich, in Wirklichkeit hat Schwarz keine konkreten
Drohungen.} 36. Kh3 Rf1 {[%csl Rf6][%cal Rf1f6]} 37. Qg2 Qxg2+ 38. Kxg2 Rxf6
39. Rxb7 {[%mdl 4096]} Kg7 40. Rf2 {Mit diesem Zug kann Weiß ein Turmpaar
tauschen.} Re5 41. Ra7 g5 $5 (41... Rxf2+ 42. Kxf2 Kf6 43. Rb7 $18 {[%cal
Gb7b5]}) 42. Rxf6 Kxf6 43. hxg5+ hxg5 44. Kf3 Kg6 45. Ra6+ f6 46. a3 (46. Rb6
Rf5+ 47. Ke3 g4 48. Rb5 Rf3+ 49. Kd4 a4 50. c5 $18) 46... Rf5+ 47. Ke4 g4 48.
Rd6 Rf1 (48... Rf3 49. Rd3 f5+ 50. Kd4 $18) 49. b4 Rc1 50. c5 (50. bxa5 Rxc4+
51. Rd4 Rc3 52. Ra4 $18) 50... axb4 51. axb4 Rc4+ {[%cal Rc4b4,Rc4e4]} 52. Rd4
Rc3 53. Kd5 $18 {Dank der zwei verbundenen Freibauern steht Weiß auf Gewinn.} (
53. Kf4 $18) 53... Rxg3 54. c6 Rc3 55. Rxg4+ Kf7 56. b5 (56. Rc4 $18) 56... f5
57. Rc4 1-0

[Event "WchT 2nd"]
[Site "Luzern"]
[Date "1989.??.??"]
[Round "9.3"]
[White "Ye, Rongguang"]
[Black "Nunn, John DM"]
[Result "1-0"]
[WhiteElo "2480"]
[BlackElo "2575"]
[Annotator "Ribli,Z"]
[PlyCount "129"]
[EventDate "1989.10.27"]
[EventType "team-tourn"]
[EventRounds "9"]
[EventCountry "SUI"]
[SourceTitle "CBM 016"]
[Source "ChessBase"]
[SourceDate "1990.06.01"]
[SourceVersion "1"]
[SourceVersionDate "1990.06.01"]
[SourceQuality "1"]
[WhiteTeam "China"]
[BlackTeam "England"]
[WhiteTeamCountry "CHN"]
[BlackTeamCountry "ENG"]

1. c4 g6 2. Nc3 Nf6 3. e4 d6 4. g3 Bg7 5. Bg2 c5 6. Nge2 Nc6 7. O-O (7. a3 O-O
8. Rb1 Bg4 9. b4 {9.f3!?} cxb4 10. axb4 a5 11. bxa5 Ne5 {Seirawan-Nunn 
Barcelona 1989 47(64)  =}) 7... O-O 8. a3 $1 (8. d3 $6 a6 9. Rb1 Rb8 10. a3 b5
11. cxb5 axb5 12. b4 cxb4 13. axb4 {Salov-Beliavsky  Vilnius m(3) 1987 43/43  =
}) 8... Ne8 9. Rb1 Nc7 10. b4 Ne6 11. d3 Ned4 12. Be3 Rb8 13. h3 Bd7 14. Kh2 b6
15. f4 a6 16. Qd2 f5 17. Bf2 Kh8 18. Rfe1 e5 19. Nxd4 Nxd4 20. Nd5 exf4 21.
gxf4 g5 22. e5 $1 dxe5 23. fxe5 Re8 24. bxc5 $1 bxc5 25. Rxb8 Qxb8 26. Qxg5
Bxe5+ 27. Kh1 Qd6 28. Bh4 Bg7 29. Rxe8+ Bxe8 30. Qe7 $1 {+/=} Qxe7 31. Bxe7 Ne6
32. Nf6 Ba4 33. Bb7 Bc2 34. Bc8 Nd4 35. Ne8 Be5 36. Nd6 Bxd6 37. Bxd6 Bxd3 38.
Bxc5 Nb3 39. Be3 Bxc4 40. Bxf5 Kg7 41. Kg2 Bd5+ 42. Kg3 Na5 43. Bd4+ Kg8 44.
Kf4 Nc4 45. Bc5 Kg7 46. h4 Kg8 47. Kg5 Ne5 48. Kf6 Nf3 49. Bf2 Bb3 50. Bg4 Bd5
51. a4 Nd2 52. Be1 Nf3 53. Bg3 Nd2 54. a5 Bc4 55. Be1 Nb3 56. Bc3 Nc5 57. Ke5
Nb3 58. Kd6 Kf7 59. Bh5+ Kg8 60. Kc6 Kf8 61. Bb4+ Kg7 62. Kb6 Kf6 63. Bg4 Nc1
64. Bc8 Nd3 65. Ba3 1-0

[Event "Petrov Memorial op"]
[Site "St Petersburg"]
[Date "2000.02.08"]
[Round "2"]
[White "Genba, Vladimir"]
[Black "Gavrilov, Alexei"]
[Result "1-0"]
[WhiteElo "2454"]
[BlackElo "2454"]
[Annotator "Ribli,Z"]
[PlyCount "80"]
[EventDate "2000.02.05"]
[EventType "swiss"]
[EventRounds "9"]
[EventCountry "RUS"]
[SourceTitle "CBM 076"]
[Source "ChessBase"]
[SourceDate "2000.05.31"]
[SourceVersion "1"]
[SourceVersionDate "2000.05.31"]
[SourceQuality "1"]

1. e4 c5 2. c4 {Sizilianisch oder Englisch? Mit diesem Zug möchte Weiß die
sizilianischen Hauptvarianten vermeiden und das Spiel in englische Stellungen
führen. Der Textzug schwächt das Feld d4, deshalb gafällt er mir nicht.
Trotzdem ist diese Spielweise in weniger starken Turnieren recht populär.} Nc6
3. Nc3 d6 4. d3 Nf6 {Der Springerzug ist nicht schlecht, aber die andere
Springerentwicklung (nach e7) ist nach Möglichkeit vorzuziehen.} (4... g6 $5 {
Der schwarze Plan lautet Bg7 und nach e6 Entwicklung des Springers nach e7.})
5. Nge2 g6 6. g3 Bg7 7. Bg2 O-O 8. O-O {Wir haben eine bekannte Variante auf
dem Brett, jedoch mit vertauschten Farben.(1.c4 c5 2.g3 g6 3.Bg2 Bg7 4.Nc3 Nc6
5.Nf3 e5 6..Bg2 Nge7 7.0-0 0-0 8.d3). Es ist wahr, dass der Punkt d4
geschwächt ist, aber der Ne2 steht viel elastischer als der Springer auf f6.}
Bd7 (8... Ne8 $5 {[%cal Ge8c7,Gc7e6,Ge6d4]} 9. Be3 Nd4) (8... a6 $5 {[%cal
Ga8b8,Gb7b5]}) 9. h3 {Weiß möchte Be3 ziehen, zunächst aber muß er sich gegen
Ng4 verteidigen.} Qc8 $6 {Dieser Zug gefällt mir nicht - ist das schwarze
Spiel auf der Diagonale c8-h3 so gefährlich? Ich glaube, das ist es überhaupt
nicht. Mit einem einfachen Partiezug neutralisiert Weiß die einzige schwarze
Drohung, und die Dame steht etwas unglücklich auf c8.} (9... Ne8 10. Be3 $5 (
10. a3 Nc7 11. Rb1 a5 $10 {Meduna,E-Jansa,V/Ekorex Cup/1995/CBM45/}) 10... Nd4
11. Rb1 Nc7 $6 (11... a5 $5 {Ribli,Z-Hug,W/Altensteig/1994/CBM43/}) 12. f4 (12.
b4 $5) 12... Rb8 13. g4 Nxe2+ 14. Nxe2 (14. Qxe2 b5 $13) 14... b5 15. b3 bxc4
16. dxc4 Bc6 17. f5 Rb6 18. Qd2 Qa8 19. Ng3 Ne8 $1 20. Bh6 Bd4+ 21. Kh1 Ng7 22.
Rbe1 a5 {Wer ist schneller?} 23. g5 Be5 $1 24. f6 Ne6 25. Bxf8 (25. fxe7 Re8
$15) 25... Qxf8 $44 {Ribli. 0-1 Franco,Z-Comas Fabrego,L /Pamplona 1995/CBM 46/
[Ribli] (45)}) 10. Kh2 e5 $6 {Jetzt ist die Bauernstellung völlig symmetrisch,
aber Weiß kann sich mit f2-f4 die Initiative am Königsflügel verschaffen.} (
10... Nd4 11. Nxd4 cxd4 12. Ne2 e5 13. f4 h6 14. Bd2 Re8 15. Rf2 Be6 16. Rc1
Nh7 17. Qf1 Qd8 18. Ng1 Bc8 19. b4 f6 20. g4 g5 21. f5 {1-0 Hilse,W-Moritz,B/
Frankfurt 1923/HCL (63)}) (10... a6 11. f4 (11. Bg5 e6 12. Qd2 Ne5 13. a4 Qc7
14. Be3 Nc6 15. Rac1 Na5 16. Rb1 Nc6 17. b3 Rac8 18. Rfd1 Rfd8 19. f4 {1-0
Levtchouk,G-Caceres Cortes,J/Quebec 1992/EXT 98 (47)}) 11... Ne8 12. Nd5 Qd8
13. a4 e6 14. Ne3 Qc7 15. g4 h6 16. Ng3 g5 17. Nh5 Bh8 18. Kh1 Nf6 19. fxg5
Nxh5 20. gxh5 hxg5 21. Ng4 {1-0 Smachenko,V-Pishchida,V/Kiev 1998/EXT 2000 (34)
}) (10... Rb8 11. Rb1 a6 12. Be3 Re8 13. b3 e5 14. f4 Nd4 15. fxe5 dxe5 16. Bg5
Qc6 17. Nxd4 cxd4 18. Nd5 Nxd5 19. cxd5 Qd6 20. Qf3 Rf8 21. Rbc1 f6 22. Bd2
Rbc8 {1/2-1/2 Katscher,K-Vogler,U/Germany 1999/EXT 2000 (33)}) 11. f4 $14 {
Mit dieser typischen Fortsetzung bekommt Weiß freie Hand am Königsflügel. Der
Nf6 steht unglücklich.} Nd4 (11... exf4 12. Bxf4 Ne5 13. Bg5 $14) 12. fxe5 dxe5
13. Bg5 $1 Nxe2 $2 {[%mdl 16384] Dieser Zug hilft nur Weiß, denn die weiße
Dame kann sofort ins Spiel eingreifen..} (13... Qc6 14. Nxd4 cxd4 15. Bxf6 Bxf6
16. Nd5 Bd8 $14 (16... Bg5 17. h4 Bd8 18. Bh3 $14 {[%csl Gd5]})) 14. Qxe2 Qc6
15. Qf2 {[%cal Gf1f8,Gf2c5]} Nh5 (15... Ne8 16. Be7 $18 (16. Nd5 $18)) 16. Nd5
{[%csl Gd5][%cal Rd5e7,Re7g8,Re7c6][%mdl 128] Der Nd5 steht ausgezeichnet -
Weiß hat großen Positionsvorteil.} (16. g4 $2 Nf4 17. Bxf4 exf4 18. Qxf4 Rae8
$44 {[%cal Gg7a1]}) 16... Kh8 17. Be7 {[%cal Re7f8,Re7c5] Dieser Zug gewinnt
einen wichtigen Bauern.} Rfe8 (17... Rfc8 18. Qxf7 $16) 18. Bxc5 $16 b6 {
Sonst kann Weiß auch noch den Pa7 nehmen.} 19. Be3 Re6 {Schwarz möchte den
Springerzug Nf6 vorbereiten.} (19... Be6 20. g4 Nf4 21. Nxf4 exf4 22. Bxf4 $18)
20. Qxf7 $1 {Am einfachsten! Weiß hat keine Angst vorm Damenfang.} (20. Bf3 Nf6
21. Bg5 $16) 20... Rf8 21. Qxf8+ Bxf8 22. Rxf8+ Kg7 23. Raf1 {Droht einzügiges
Matt auf f7. Weiß hat R+B+2P für die Dame und starken Angriff.} Be8 (23... g5
24. R1f7+ Kh6 (24... Kg6 25. Ne7+ $18) 25. h4 $18) 24. h4 (24. g4 Nf4 25. Nxf4
exf4 (25... Kxf8 26. Nxe6+ Ke7 27. Bg5+ $18) 26. R8xf4 $18) 24... h6 25. Bh3 {
Das Erscheinen des Läufers auf h3 gewinnt weiteres Material für Weiß.} Kh7 (
25... Rd6 26. Ne7) 26. Nc7 (26. b4 $18) 26... Rf6 (26... Re7 27. Nxe8 Rxe8 28.
R8f7+ Ng7 29. Bd7 $18 {[%cal Rd7c6,Rd7e8]}) (26... Qxc7 27. Bxe6 $18) 27. Nxe8
Rxf1 28. Bxf1 Qd7 29. Nf6+ Nxf6 30. Rxf6 $18 {Die schwarze Stellung ist völlig
hoffnungslos - Weiß hat jetzt R+2B+2P für die Dame, das ist weit mehr als
ausreichender Ersatz.} Kg7 (30... Qa4 31. Rf7+ Kg8 32. Rf2 Qxa2 33. Bxh6 $18)
31. Rf2 Qa4 32. b3 Qb4 33. Rd2 Qc3 34. Kg2 {Der König strebt nach f2 und
möchte den Be3 verteidigen. Danach entscheidet der Zug d3-d4 die Partie.} Qc1
35. Kf2 Qa1 36. d4 Qb1 37. d5 (37. dxe5 Qxe4 38. Bg2 $18) 37... Qxe4 38. d6 {
[%csl Gd6]} Qf5+ 39. Kg1 Qd7 40. Kh2 {[%cal Rf1h3,Rh3d7]} (40. b4 $18) 40...
Qd8 {Und Schwarz gab gleichzeitig - in völlig verlorener Stellung - auf.} 1-0

[Event "EU-ch 5th"]
[Site "Antalya"]
[Date "2004.05.21"]
[Round "6"]
[White "Istratescu, Andrei"]
[Black "Chatalbashev, Boris"]
[Result "1-0"]
[WhiteElo "2587"]
[BlackElo "2543"]
[Annotator "Ribli,Z"]
[PlyCount "83"]
[EventDate "2004.05.15"]
[EventType "swiss"]
[EventRounds "13"]
[EventCountry "TUR"]
[SourceTitle "CBM 101"]
[Source "ChessBase"]
[SourceDate "2004.07.27"]
[SourceVersion "1"]
[SourceVersionDate "2004.07.27"]
[SourceQuality "1"]

1. c4 c5 2. Nc3 g6 3. g3 Bg7 4. Bg2 Nc6 5. d3 {Diese symmetrische Variante
bietet Weiß ruhiges Spiel, aber nicht viel mehr.} e5 $6 {Eine bekannte
Strategie - Schwarz schwächt von selbst den d5-Punkt, aber er kann Nge7
spielen und f7-f5. Aber man spielt die Variante 5...e5 gewöhnlich nur im Falle
von 5.Nf3. Der große Unterschied ist, dass jetzt der weiße Königsspringer sich
auf e2 entwickeln kann.} (5... d6) 6. a3 Nge7 7. Rb1 a5 8. Bg5 {Weiß möchte
entweder 8...h6 oder 8...f6 provozieren. In beiden Fällen wird die schwarze
Königsstellung geschwächt.} f6 (8... O-O $5) 9. Bd2 d6 10. e3 $1 {Das ist eine
gute Strategie für Weiß - er entwickelt seinen Springer nach e2. Jetzt ist die
ganze schwarze Variante mit 5...e5 ein wenig sinnlos.} (10. Nf3 $6 $11) 10...
O-O 11. Nge2 $14 Be6 12. Nd5 {[%csl Gd5] Weiß muss das d5-Feld besetzen. Jetzt
ist die weiße positionelle Drohung 13.Nec3, mit starker Kontrolle über das
d5-Feld.} (12. O-O d5 $11) 12... Rb8 (12... Bxd5 13. cxd5 Nb8 14. O-O $14) 13.
Nec3 {[%csl Gc3,Gd5]} f5 14. O-O g5 {Am Damenflügel steht Schwarz klar
schlechter, so möchte er sein Gegenspiel am Königsflügel finden.} 15. b4 {
[%cal Gb1b7,Gg2b7][%mdl 32] Weiß folgt der üblichen Strategie, er mobilisiert
seinen Damenflügel und er möchte die b-Linie öffnen, was sehr stark ist.} axb4
16. axb4 cxb4 (16... Nxb4 $5 17. Nxb4 cxb4 18. Rxb4 d5 19. cxd5 Nxd5 20. Nxd5
Bxd5 21. e4 $14) 17. Nxb4 f4 $6 {Nach diesem scheinbar aktiven Zug bekommt
Weiß großes positionelles Übergewicht. Es wäre besser für Schwarz gewesen die
Stellung zu vereinfachen.} (17... Nxb4 18. Rxb4 d5) 18. Nbd5 Ng6 19. Ne4 $16 {
[%csl Gd5,Ge4]} h6 (19... Bxd5 20. cxd5 $18) 20. Qh5 Kh7 21. Bh3 $1 Bxh3 (21...
Bxd5 22. cxd5 Nce7 23. Be6 $18) (21... Bf7 22. Bf5 Be8 23. Qh3 $16) 22. Qxh3 f3
23. Rb6 {[%cal Rf1b1,Rb1b7]} Nge7 24. Rfb1 (24. Nxg5+ $18) 24... Nf5 {[#]} 25.
Ndf6+ $1 {[%mdl 64] Mit diesem schönen Zug gewinnt Weiß eine Qualität.} (25.
Rxb7 Rxb7 26. Rxb7 Qa8 27. Rb1 Qa2 28. Rc1 $16) 25... Rxf6 (25... Bxf6 26.
Qxf5+ Kh8 27. Qg6 (27. Qxf3 $18) 27... Bg7 28. Rxb7 $18) 26. Nxf6+ Qxf6 27.
Rxc6 {[%cal Gb1b8]} bxc6 28. Rxb8 $18 {Weiß hat eine klare Qualität mehr und
die schwarze Königsstellung ist geschwächt.} d5 29. cxd5 cxd5 30. Rb1 {Sicher
ist sicher, Weiß verteidigt seine Grundlinie.} (30. Qg4 e4 {[%cal Rf6a1,Ra1g1]}
31. Bc3 $18) 30... e4 31. dxe4 (31. d4 $6 Qg6 $16) 31... dxe4 32. Bc3 $1 Qe6 (
32... Qxc3 33. Qxf5+ $18) 33. Bxg7 Kxg7 34. Qf1 Ne7 (34... Kg6) 35. Rb7 Kg6 36.
Qb1 {[%cal Rb7b6,Rb6g6]} Nd5 37. h3 Nf6 (37... Qxh3 38. Qxe4+ $18) 38. Qb3 (38.
Rb6 Qxh3 39. Qxe4+ $18) 38... Qxb3 39. Rxb3 g4 (39... h5 40. Rb5 $18) 40. h4 h5
41. Rb5 Kf7 42. Re5 $22 (42. Re5 Kg6 43. Kf1 Kf7 44. Ke1 Kg6 45. Kd2 Kf7 46.
Kc3 Kg6 47. Kd4 $18) 1-0

[Event "USA-ch"]
[Site "USA"]
[Date "1989.??.??"]
[Round "11"]
[White "Benjamin, Joel"]
[Black "Dlugy, Maxim"]
[Result "0-1"]
[WhiteElo "2530"]
[BlackElo "2530"]
[Annotator "Ribli,Z"]
[PlyCount "74"]
[EventDate "1989.11.??"]
[EventType "tourn"]
[EventRounds "15"]
[EventCountry "USA"]
[EventCategory "12"]
[SourceTitle "CBM 019"]
[Source "ChessBase"]
[SourceDate "1990.12.01"]
[SourceVersion "1"]
[SourceVersionDate "1990.12.01"]
[SourceQuality "1"]

1. c4 c5 2. g3 g6 3. Bg2 Bg7 4. Nc3 Nc6 5. a3 e6 6. Rb1 a5 7. e4 Nge7 8. Nge2
d6 (8... O-O 9. d3 b6 10. O-O Bb7 11. Be3 Nd4 12. b4 axb4 13. axb4 Bc6 $10 {
Bischoff,K-Stohl,I Dortmund A 1990 CBM 18}) 9. d3 O-O 10. O-O Nd4 11. Nxd4 (11.
b4 $5 axb4 12. axb4 Nec6 13. Nxd4 Nxd4 14. bxc5 dxc5 15. f4 $1 f5 $2 16. e5 $16
{Miles,A-Olafsson,H Lone Pine 1978 25/86}) 11... cxd4 12. Nb5 (12. Ne2 a4 13.
b4 axb3 14. Qxb3 Nc6 15. Bd2) 12... Qb6 13. a4 Qc5 14. f4 (14. Bd2 Nc6) 14...
Bd7 15. b3 Nc6 16. Rb2 Rab8 17. g4 f5 $1 18. exf5 exf5 19. g5 Nb4 20. Re2 Rfe8
21. Rfe1 d5 $1 22. Rxe8+ Rxe8 23. Rxe8+ Bxe8 24. Qe2 Bf7 25. Ba3 dxc4 26. bxc4
b6 27. Kf1 $2 (27. Bf3) 27... Bf8 28. Bb2 $2 Nxd3 $1 29. Bd5 Bxd5 30. cxd5 Nxb2
31. Qe6+ Kh8 32. Qe5+ Bg7 33. Qe8+ Qf8 34. Qe6 d3 $1 35. Nd6 d2 36. Nf7+ Qxf7
37. Qxf7 d1=Q+ {Ribli} 0-1